Porozumienia klimatyczne - Statystyki

Ogólne statystyki
  • Ten quiz został rozwiązany 22 razy
  • Średni wynik to 3 z 13
Statystyki odpowiedzi
Podpowiedź Odpowiedź % Poprawnych
Porozumienie z 2015 roku Porozumienie Paryskie
78%
Konwencja wiedeńska w sprawie ochrony... warstwy ozonowej
56%
Traktat z 1997 roku Protokół z Kioto
33%
Porozumienie mające na celu redukcję handlu zagrożonymi gatunkami roślin i zwierząt Konwencja Waszyngtońska
22%
Konwencja z 1985 Konwencja Wiedeńska
22%
Jego celem było: Ograniczenie globalnego ocieplenia znacznie poniżej 2 °C, a docelowo do 1,5 °C względem epoki przedprzemysłowej. Porozumienie Paryskie
22%
Kraje, które zdecydowały się na jego ratyfikację, zobowiązały się do redukcji do 2012 roku własnych emisji o co najmniej 5% poziomu emisji z 1990. Protokół z Kioto
22%
Konwencja z 1971 roku Konwencja Ramsarska
11%
Konwencja z 1973 Konwencja Waszyngtońska
11%
Celem porozumienia jest ochrona i utrzymanie w niezmienionym stanie obszarów określanych jako „wodno-błotne” oraz ptaków wodnych Konwencja Ramsarska
0%
Porozumienie z 1987 Protokół montrealski
0%
porozumienie dotyczące przeciwdziałania dziurze ozonowej Protokół montrealski
0%
Konferencja z 1992 roku Szczyt Ziemii 1992 (Konferencja w Rio de Janeiro)
0%
Nie znaleziono quizów pasujących do podanych kryteriów
Rozkład punktacji
Procent ludzi z każdym wynikiem
Percentyl według liczby udzielonych odpowiedzi
Twoja historia wyników
Nie rozwiązałeś tego quizu